000 00704nam a2200241Ia 4500
003 OSt
005 20221007072524.0
006 a|||||r|||| 00| 0
007 ta
008 221006b |||||||| |||| 00| 0 eng d
024 _a27,565
037 _cReports / Technical Reports
040 _aFLL
_cFLL
_beng
041 _2eng
_aeng
082 _aZ564:5, J1
100 _aSandes Robert Lindsay
_9690862
245 0 _aCriminal law and procedure in the republic of Ireland
250 _a3rd
260 _aLondon
_bSweet & Maxwell Limited UK
_c1951
300 _axxxv,212p
_ccm.
942 _hZ564:5, J1
_cREP
_2CC
999 _c1146318
_d1146318